<?xml version="1.0" encoding="UTF-8"?>
<record
    xmlns:xsi="http://www.w3.org/2001/XMLSchema-instance"
    xsi:schemaLocation="http://www.loc.gov/MARC21/slim http://www.loc.gov/standards/marcxml/schema/MARC21slim.xsd"
    xmlns="http://www.loc.gov/MARC21/slim">

  <leader>01484naa a2200265 i 4500</leader>
  <controlfield tag="001">9130</controlfield>
  <controlfield tag="003">KOSZ 005</controlfield>
  <controlfield tag="005">20180317120205.0</controlfield>
  <controlfield tag="008">141212s2011    pl     f     |100 0 pol</controlfield>
  <datafield tag="040" ind1=" " ind2=" ">
    <subfield code="c">BPK</subfield>
    <subfield code="d">KOSZ 005/EG</subfield>
  </datafield>
  <datafield tag="041" ind1=" " ind2=" ">
    <subfield code="a">pol</subfield>
  </datafield>
  <datafield tag="044" ind1=" " ind2=" ">
    <subfield code="a">POL</subfield>
  </datafield>
  <datafield tag="080" ind1=" " ind2=" ">
    <subfield code="a">664</subfield>
  </datafield>
  <datafield tag="100" ind1="1" ind2=" ">
    <subfield code="a">KASPEROWICZ, Maciej.</subfield>
    <subfield code="d">2011 - .</subfield>
    <subfield code="b">Politechnika Koszali&#x144;ska - Wydzia&#x142; Mechaniczny,</subfield>
    <subfield code="c">Katedra In&#x17C;ynierii Mechanicznej - Zak&#x142;ad Teorii Mechanizm&#xF3;w i Podstaw Konstrukcji Maszyn</subfield>
  </datafield>
  <datafield tag="245" ind1="1" ind2="0">
    <subfield code="a">Metody ci&#x119;cia stosowane w przetw&#xF3;rstwie spo&#x17C;ywczym, narz&#x119;dzia i materia&#x142;y mo&#x17C;liwe do zastosowania w procesie ci&#x119;cia /</subfield>
    <subfield code="c">Maciej Kasperowicz, Aleksandra Raczkowska.</subfield>
  </datafield>
  <datafield tag="246" ind1="3" ind2="1">
    <subfield code="a">Cutting methods used in food processing. Tools and materials available for use in citting process</subfield>
  </datafield>
  <datafield tag="500" ind1=" " ind2=" ">
    <subfield code="a">Dane z autopsji.</subfield>
  </datafield>
  <datafield tag="650" ind1=" " ind2="0">
    <subfield code="a">Rozdrabnianie.</subfield>
  </datafield>
  <datafield tag="650" ind1=" " ind2="0">
    <subfield code="a">Reologia.</subfield>
  </datafield>
  <datafield tag="655" ind1=" " ind2="0">
    <subfield code="a">Materia&#x142;y konferencyjne.</subfield>
  </datafield>
  <datafield tag="700" ind1="1" ind2=" ">
    <subfield code="a">RACZKOWSKA, Aleksandra - doktorant.</subfield>
  </datafield>
  <datafield tag="711" ind1="2" ind2="2">
    <subfield code="a">Konferencja Student&#xF3;w i M&#x142;odych Pracownik&#xF3;w Nauki Wydzia&#x142;u Mechanicznego </subfield>
    <subfield code="n">(8 ;</subfield>
    <subfield code="d">2011 ;</subfield>
    <subfield code="c">Koszalin, Polska).</subfield>
  </datafield>
  <datafield tag="773" ind1="0" ind2=" ">
    <subfield code="i">W :</subfield>
    <subfield code="t">Materia&#x142;y VIII Konferencji Student&#xF3;w i M&#x142;odych Pracownik&#xF3;w Nauki Wydzia&#x142;u Mechanicznego oraz IV Og&#xF3;lnopolskiej Konferencji Studenckich K&#xF3;&#x142; Naukowych Uczelni Technicznych : XXXIII Tydzie&#x144; Kultury Studenckiej / pod red. Marka Fligla, Leona Kukie&#x142;ki. -</subfield>
    <subfield code="d">Koszalin : Wydaw. Uczelniane Politechniki Koszali&#x144;skiej, 2011. -</subfield>
    <subfield code="g">s. 103-112</subfield>
  </datafield>
  <datafield tag="942" ind1=" " ind2=" ">
    <subfield code="c">ROZ</subfield>
    <subfield code="2">UKD</subfield>
  </datafield>
  <datafield tag="999" ind1=" " ind2=" ">
    <subfield code="c">9130</subfield>
    <subfield code="d">9130</subfield>
  </datafield>
</record>
